000 00736nam a2200229Ia 4500
003 OSt
005 20220923222355.0
006 a|||||r|||| 00| 0
007 ta
008 220922b |||||||| |||| 00| 0 hin d
024 _a204,714
037 _cTextual
040 _aARTS
_cARTS
_bhin
041 _2hin
_ahin
082 _aO157:3M61:64, 152J7
100 _aठाकुर, रवीन्द्रनाथ; कृष्णवल्लभ, अनु.
_9166875
245 0 _aमालिनी
246 _aMālinī
260 _c1957
942 _hO157:3M61:64, 152J7
_cTEXL
_2CC
999 _c355462
_d355462